Statistics for Главни градови савезних држава САД-а

Click here to take the quiz!

General Stats

  • This quiz has been taken 236 times
  • The average score is 28 of 50

Answer Stats

Савезна
Држава
Главни град% Correct
КалифорнијаСакраменто
76%
КолорадоДенвер
75%
МасачусетсБостон
73%
ИндијанаИндијанаполис
65%
ТексасОстин
65%
АризонаФиникс
65%
ЈутаСолт Лејк Сити
65%
ХавајиХонолулу
63%
ЏорџијаАтланта
61%
МисисипиЏексон
61%
ИлиноисСпрингфилд
61%
ВашингтонОлимпија
60%
ОклахомаОклахома Сити
59%
ЛуизијанаБатон Руж
59%
АјдахоБојзи
58%
АљаскаЏуно
58%
НебраскаЛинколн
56%
Северна ДакотаБизмарк
56%
ВирџинијаРичмонд
56%
АрканзасЛитл Рок
56%
ЊујоркОлбани
56%
Нови МексикоСанта Фе
56%
ТенесиНешвил
55%
ВајомингШајен
55%
ФлоридаТалахаси
54%
Јужна КаролинаКолумбија
53%
АлабамаМонтгомери
53%
ДелаверДовер
53%
ОхајоКоламбус
53%
НевадаКарсон Сити
52%
Јужна ДакотаПир
52%
МонтанаХелена
52%
АјоваДе Мојн
52%
КанзасТопика
52%
МејнОгаста
52%
МисуриЏеферсон Сити
52%
МерилендАнаполис
51%
Роуд АјландПровиденс
51%
ВисконсинМедисон
51%
КентакиФранкфорт
51%
МинесотаСент Пол
50%
Западна ВирџинијаЧарлстон
50%
ОрегонСејлем
49%
Северна КаролинаРали
48%
МичигенЛенсинг
46%
ПенсилванијаХарисбург
46%
ВермонтМонтпилијер
46%
КонектикатХартфорд
45%
Њу ЏерзиТрентон
44%
Њу ХемпширКонкорд
43%

Score Distribution

Percentile by Number Answered

Percent of People with Each Score

Your Score History

You have not taken this quiz